000 004230000a22001810004500
003 MACL
005 20151219141447.0
008 151219b xxu||||| |||| 00| 0 eng d
040 _aMACL
_cMACL
041 _aEnglish
082 _a590/SIN
100 _aSinha, Vivek R
_921415
245 _aThe Tiger Is A Gentleman
260 _bWildlife
_c1999
350 _a395
650 _aAnimals
_921416
942 _cBK
_k590/SIN
_2ddc
999 _c40242
_d40242